000 00377nam a2200145Ia 4500
008 230917s9999||||xx |||||||||||||| ||und||
040 _e75074
_aMAIN
041 _aEnglish
082 _a658.787 D869I
100 _aDudick, Thomas S
245 0 _aInventory control for the financial executive
260 _aNew York
_bJohn Wiley
_c1979
300 _axii, 251 p.
942 _cBK
999 _c204287
_d204287